ბათუმის შოთა რუსთაველის სახელმწიფო უნივერსიტეტის ბიბლიოთეკა

ახალი მასალები ვ.ი. ლენინის შრომისათვის "იმპერიალიზმი, როგორც კაპიტალიზმის უმაღლესი სტადია" / (ბიბ.ჩანაწერი № 64172)

000 -ლიდერი
ფიქსირებული სიგრძის საკონტროლო ველი 01573nam a22001937a 4500
003 - საკონტროლო ნომრის იდენტიფიკატორი
საკონტროლო ველი Ge_BSU
005 - ბოლო ოპერაციის თარიღი და დრო
საკონტროლო ველი 20260424141949.0
008 - ფიქსირებული სიგრძის მონაცემთა ელემენტები - ზოგადი ინფორმაცია
ფიქსირებული სიგრძის საკონტროლო ველი 260424s1938 ge ||||| |||| 00| 0 geo d
041 ## - ენის კოდი
Language code of text/sound track or separate title geo
080 ## - უნივერსალური ათობითი კლასიფიკაციის ინდექსი
Universal Decimal Classification number 329.150.7(ლენინი)(072) :327.2 : 330.342.143 ა-96
245 ## - ცნობა სათაურის შესახებ
Title ახალი მასალები ვ.ი. ლენინის შრომისათვის "იმპერიალიზმი, როგორც კაპიტალიზმის უმაღლესი სტადია" /
Statement of responsibility, etc ე. ვარგას, ლ. მენდელსონის და ე. ხმელნიცკაიას რედაქციით; კომაკადემიის მსოფლიო მეურნეობისა და მსოფლიო პოლიტიკის ინ-ტი.
250 ## - გამოცემის ცნობა
Edition statement მე-2 შესწ. და შევს. გამოც.
264 ## - წარმოების, გამოცემის, დისტრიბუციის და სხვა ცნობები
გამოცემის, წარმოების, დისტრიბუციის... ადგილი თბილისი :
გამოცემის, წარმოების, დისტრიბუციის... სახელწოდება საკ. კპ(ბ) ცკ-თან არსებული მარქს-ენგელს-ლენინის ინ-ტის თბილ. ფილიალი, ტექნიკა და შრომა-ს გამ-ბა და სტ.,
გამოცემის, წარმოების, დისტრიბუციის... თარიღი 1938.
300 ## - ფიზიკური აღწერა
Extent 313გვ. ;
Other physical details 26 სმ.
504 ## - BIBLIOGRAPHY, ETC. NOTE
Bibliography, etc ბიბლიოგრ.: ლიტერატურა შენიშვნები.
653 ## - INDEX TERM--UNCONTROLLED
Uncontrolled term ლენინის ნაშრომების შესწავლის მეთოდიკა
653 ## - INDEX TERM--UNCONTROLLED
Uncontrolled term იმპერიალიზმი
942 ## - ADDED ENTRY ELEMENTS (KOHA)
Source of classification or shelving scheme
Koha item type წიგნი
ეგზემპლარები
ჩამოწერის სტატუსი დაკარგული ეგზემპლარის სტატუსი კლასიფიკაციის წყარო ან თაროზე გაწყობის სქემა დაზიანების სტატუსი არ გაიცემა მუდმივი მდებარეობა (დაცვის ადგილი) ამჟამინდელი ადგილსამყოფელი თაროზე განთავსების ადგილი შეძენის თარიღი ღირებულება, შესყიდვის ნორმალური ფასი სრული შენახვის შიფრი შტრიხკოდი ბოლო ოპერაციის თარიღი ეგზემპლარის მიმდევრობითი ნომერი (კეტერი?) ფასის ძალაში შესვლის თარიღი ეგზემპლარის სახეობა საჯარო შენიშვნა
          ბათუმის შოთა რუსთაველის სახელმწიფო უნივერსიტეტის მთავარი ბიბლიოთეკა ბათუმის შოთა რუსთაველის სახელმწიფო უნივერსიტეტის მთავარი ბიბლიოთეკა წიგნსაცავი 2026-04-24 2.20 329.150.7(ლენინი)(072) :327.2 : 330.342.143 ა-96 74387 2026-04-24 74387 2026-04-24 წიგნი 2 ლ. 20 თ.